[Event "Forcing Moves Winter-2 U2000"]
[Site "Mississauga CAN"]
[Date "2023.02.25"]
[Round "1.6"]
[White "Zhang, Daniel"]
[Black "Surya, Dania"]
[Result "1-0"]
[WhiteElo "1829"]
[BlackElo "1568"]
[PlyCount "99"]
[EventDate "2023.02.25"]
[EventType "swiss"]
[EventRounds "5"]
[EventCountry "CAN"]

1. e4 d5 2. exd5 Qxd5 3. Nc3 Qa5 4. d4 Nf6 5. Nf3 c6 6. Bc4 Bf5 7. O-O e6 8.
Re1 Be7 9. Ne5 O-O 10. Bg5 h6 11. Bh4 Qc7 12. Qe2 Nbd7 13. Bg3 Bd6 14. Rad1
Rad8 15. Bd3 Rfe8 16. Bxf5 exf5 17. f4 c5 18. Nb5 Qb6 19. Nxd6 Qxd6 20. Qc4 Rf8
21. c3 Ne4 22. Qe2 Ndf6 23. Bh4 g5 24. Bf2 Nxf2 25. Qxf2 Ne4 26. Qf3 f6 27. Ng6
Rf7 28. fxg5 fxg5 29. Ne5 Rf6 30. g4 Qc7 31. Rxe4 f4 32. Qe2 Rfd6 33. Nc4 R6d7
34. Re8+ Kg7 35. Rxd8 Rxd8 36. d5 b5 37. Qe5+ Qxe5 38. Nxe5 Kf6 39. Nc6 Rd7 40.
b3 a6 41. c4 b4 42. Re1 Rd6 43. Na5 Rd8 44. Re6+ Kg7 45. Nc6 Rf8 46. d6 Kf7 47.
Re7+ Kf6 48. d7 Rd8 49. Rh7 Kg6 50. Nxd8 1-0

[Event "Forcing Moves Winter-2 U2000"]
[Site "Mississauga CAN"]
[Date "2023.02.25"]
[Round "1.7"]
[White "Zhao, Jifan"]
[Black "Lakhani, Riyaan"]
[Result "1/2-1/2"]
[WhiteElo "1754"]
[BlackElo "1829"]
[PlyCount "106"]
[EventDate "2023.02.25"]
[EventType "swiss"]
[EventRounds "5"]
[EventCountry "CAN"]

1. e4 g6 2. d4 Bg7 3. Nc3 a6 4. a4 d6 5. Nge2 Nd7 6. g3 c5 7. Be3 Rb8 8. a5
Ngf6 9. h3 O-O 10. Bg2 b5 11. axb6 Qxb6 12. dxc5 Nxc5 13. b4 Qxb4 14. Rb1 Qa5
15. Rxb8 Nfxe4 16. Bxe4 Bxc3+ 17. Nxc3 Nxe4 18. O-O Nxc3 19. Qf3 Qd5 20. Qxd5
Nxd5 21. Bh6 Re8 22. c4 Nf6 23. Re1 Be6 24. Rxe8+ Nxe8 25. Rc1 f6 26. h4 Kf7
27. Be3 a5 28. Kf1 a4 29. Ke2 Nc7 30. Kd3 Na6 31. Kc3 Bd7 32. Rb1 Ke8 33. Rb6
Nc5 34. Bxc5 dxc5 35. Ra6 Kd8 36. Ra5 Kc7 37. Rxc5+ Kb6 38. Kb4 h5 39. Ra5 Bc6
40. f4 e6 41. c5+ Kb7 42. Kc4 Bd5+ 43. Kd4 Bc6 44. Kc3 Bd7 45. Kb4 Bc6 46. Rxa4
Bxa4 47. Kxa4 Kc6 48. Kb4 Kd7 49. Kb5 e5 50. fxe5 fxe5 51. c6+ Kc7 52. Kc5 e4
53. Kd4 Kxc6 1/2-1/2

[Event "Forcing Moves Winter-2 U2000"]
[Site "Mississauga CAN"]
[Date "2023.02.25"]
[Round "2.1"]
[White "Suresh, Pavan"]
[Black "Zhang, Daniel"]
[Result "1-0"]
[WhiteElo "1515"]
[BlackElo "1829"]
[PlyCount "83"]
[EventDate "2023.02.25"]
[EventType "swiss"]
[EventRounds "5"]
[EventCountry "CAN"]

1. d4 d5 2. c4 dxc4 3. Nc3 Nf6 4. e4 e5 5. Nf3 exd4 6. Qxd4 Qxd4 7. Nxd4 Bb4 8.
f3 a6 9. Bxc4 c5 10. Nc2 Ba5 11. O-O b5 12. Be2 Bb7 13. Be3 Nbd7 14. Rfd1 O-O
15. a3 Rac8 16. Bf4 Rfd8 17. Ne3 Bxc3 18. bxc3 c4 19. Nd5 Ra8 20. Bc7 Rf8 21.
Ne7+ Kh8 22. e5 Rfe8 23. exf6 Nxf6 24. Bd6 Rad8 25. Bf1 Rxd6 26. Rxd6 Rxe7 27.
Rd8+ Ng8 28. Rad1 g6 29. R1d7 Rxd7 30. Rxd7 Bc8 31. Rxf7 a5 32. Ra7 a4 33. Rc7
Be6 34. Rb7 Nf6 35. Rxb5 Nd5 36. Bxc4 Nc7 37. Rb8+ Kg7 38. Rb7 Bxc4 39. Rxc7+
Bf7 40. Kf2 Kf6 41. Ke3 h5 42. Rxf7+ 1-0

[Event "Forcing Moves Winter-2 U2000"]
[Site "Mississauga CAN"]
[Date "2023.02.25"]
[Round "2.2"]
[White "D'Souza, Carina"]
[Black "Pham, Anthony"]
[Result "1-0"]
[WhiteElo "1992"]
[BlackElo "1593"]
[PlyCount "21"]
[EventDate "2023.02.25"]
[EventType "swiss"]
[EventRounds "5"]
[EventCountry "CAN"]

1. e4 c5 2. Nf3 d6 3. Bb5+ Nd7 4. Ba4 a6 5. c4 g6 6. O-O Bg7 7. Nc3 e5 8. d3 f5
9. exf5 gxf5 10. Ng5 b5 11. Qh5+ 1-0

[Event "Forcing Moves Winter-2 U2000"]
[Site "Mississauga CAN"]
[Date "2023.02.25"]
[Round "2.3"]
[White "Singh Dhaliwal, Jaipreet"]
[Black "Zhong, Ryan Yunhui"]
[Result "1-0"]
[WhiteElo "1939"]
[BlackElo "1932"]
[PlyCount "55"]
[EventDate "2023.02.25"]
[EventType "swiss"]
[EventRounds "5"]
[EventCountry "CAN"]

1. e4 e6 2. d4 d5 3. e5 c5 4. c3 Nc6 5. Nf3 Bd7 6. Bd3 cxd4 7. cxd4 Qb6 8. Bc2
Bb4+ 9. Nc3 Na5 10. O-O Bxc3 11. bxc3 Rc8 12. Ng5 Bb5 13. Rb1 a6 14. a4 Qc6 15.
axb5 axb5 16. Rxb5 Qc7 17. Ba4 Nc6 18. Qb3 Rb8 19. Ba3 Nh6 20. Bd6 Qd8 21. Rxb7
Rc8 22. Bxc6+ Rxc6 23. Qb5 Qc8 24. Re7+ Kf8 25. Rc7+ Kg8 26. Qxc6 Qd8 27. Rc8
g6 28. Rxd8+ 1-0

[Event "Forcing Moves Winter-2 U2000"]
[Site "Mississauga CAN"]
[Date "2023.02.25"]
[Round "2.4"]
[White "Deshpande, Sarthak"]
[Black "Zhong, April Yunwei"]
[Result "1-0"]
[WhiteElo "1867"]
[BlackElo "1743"]
[PlyCount "79"]
[EventDate "2023.02.25"]
[EventType "swiss"]
[EventRounds "5"]
[EventCountry "CAN"]

1. d4 d5 2. c4 dxc4 3. e3 Nf6 4. Bxc4 e6 5. Nf3 a6 6. a4 c5 7. O-O Nc6 8. Nc3
Be7 9. dxc5 Bxc5 10. Qe2 Qc7 11. Rd1 O-O 12. b3 Na5 13. Rb1 Nxc4 14. Qxc4 b6
15. Ba3 Ra7 16. Bxc5 bxc5 17. Ne4 Nxe4 18. Qxe4 Bb7 19. Qg4 f5 20. Qh3 Rf6 21.
Qh5 Ra8 22. Qh3 Rg6 23. Nh4 Rh6 24. Qg3 Qe7 25. Nf3 Bd5 26. Ne1 Rg6 27. Qe5 Qg5
28. Rxd5 Rf8 29. Rxc5 h5 30. Rc6 Qh6 31. Qf4 Qh7 32. h3 Kh8 33. Rbc1 Qg8 34.
Qc4 Rgf6 35. Rc8 g5 36. Qd4 Kg7 37. R1c7+ Kg6 38. Rxf8 Qxf8 39. Qd7 Qg8 40. Nd3
1-0

[Event "Forcing Moves Winter-2 U2000"]
[Site "Mississauga CAN"]
[Date "2023.02.25"]
[Round "2.5"]
[White "Lakhani, Riyaan"]
[Black "Li, Ethan"]
[Result "1-0"]
[WhiteElo "1829"]
[BlackElo "1570"]
[PlyCount "117"]
[EventDate "2023.02.25"]
[EventType "swiss"]
[EventRounds "5"]
[EventCountry "CAN"]

1. d4 d5 2. c4 c6 3. Nf3 Nf6 4. Qc2 g6 5. e3 Bg7 6. Bd3 Na6 7. Bd2 Nc7 8. O-O
O-O 9. b3 Nd7 10. Bc3 Re8 11. Qb2 dxc4 12. bxc4 Nb6 13. Qc2 Bg4 14. Rd1 Bxf3
15. gxf3 e5 16. dxe5 Bxe5 17. Bxe5 Rxe5 18. f4 Re6 19. Bf5 Rd6 20. Rxd6 Qxd6
21. c5 Qf6 22. Qc3 Qxf5 23. cxb6 Nb5 24. Qb2 Qg4+ 25. Kf1 Rd8 26. Nd2 axb6 27.
Ne4 Rd1+ 28. Rxd1 Qxd1+ 29. Kg2 Qg4+ 30. Kf1 Qe6 31. Nf6+ Kg7 32. Nd5+ f6 33.
Nxb6 Qe4 34. a4 Nd6 35. Kg1 Qf5 36. Qd4 Qb1+ 37. Kg2 Qe4+ 38. Qxe4 Nxe4 39. Kf3
f5 40. Ke2 Kf6 41. f3 Nc5 42. Kd2 g5 43. fxg5+ Kxg5 44. Kc3 Ne6 45. a5 Kh4 46.
Nc4 Kg5 47. Nd6 h5 48. Nxb7 Kh4 49. Nd6 f4 50. exf4 Nxf4 51. Kd4 Ne6+ 52. Ke5
Nc7 53. f4 Kg4 54. f5 Kg5 55. Ne4+ Kh6 56. Kd6 Nb5+ 57. Kxc6 Nd4+ 58. Kb7 Nxf5
59. a6 1-0

[Event "Forcing Moves Winter-2 U2000"]
[Site "Mississauga CAN"]
[Date "2023.02.25"]
[Round "2.6"]
[White "Deepak, Laksshana"]
[Black "Zhao, Jifan"]
[Result "0-1"]
[WhiteElo "1683"]
[BlackElo "1754"]
[PlyCount "44"]
[EventDate "2023.02.25"]
[EventType "swiss"]
[EventRounds "5"]
[EventCountry "CAN"]

1. e4 e6 2. d4 d5 3. Nc3 Nf6 4. e5 Nfd7 5. f4 c5 6. Nf3 Nc6 7. Be3 Be7 8. Qd2
O-O 9. O-O-O c4 10. g4 b5 11. h4 b4 12. Ne2 c3 13. Qe1 Ba6 14. f5 Bxe2 15. Bxe2
Qa5 16. Kb1 b3 17. cxb3 c2+ 18. Kxc2 Nb4+ 19. Kd2 Rac8 20. Bd3 Nxd3+ 21. Kxd3
Qb5+ 22. Kd2 Bb4# 0-1

[Event "Forcing Moves Winter-2 U2000"]
[Site "Mississauga CAN"]
[Date "2023.02.25"]
[Round "2.7"]
[White "Ruchinskaya, Valerie"]
[Black "Mehta, Anshul"]
[Result "0-1"]
[WhiteElo "1902"]
[BlackElo "1582"]
[Annotator ",hugh_brodie@hotmail."]
[PlyCount "95"]
[EventDate "2023.02.25"]
[EventType "swiss"]
[EventRounds "5"]
[EventCountry "CAN"]

1. d4 d5 2. c4 e6 3. Nc3 c5 4. cxd5 exd5 5. Nf3 Nc6 6. Bf4 a6 7. e3 c4 8. a4
Bf5 9. Rc1 Bb4 10. Nd2 Bxc3 11. bxc3 b5 12. Qf3 Nge7 13. e4 dxe4 14. Nxe4 Bxe4
15. Qxe4 Qd5 16. Qxd5 Nxd5 17. Bd2 Na5 18. Be2 Nb3 19. Rc2 O-O 20. Kd1 Nb6 21.
Bf3 Ra7 22. axb5 axb5 23. Bc6 Ra1+ 24. Bc1 Na4 25. Bxb5 Nxc1 26. Rxc1 Nxc3+ 27.
Kd2 Rxc1 28. Rxc1 Nxb5 29. Rxc4 Rd8 30. Kd3 Kf8 31. Rb4 Nd6 32. d5 Ke7 33. Kd4
Rc8 34. Ra4 Kf6 35. Ra6 Ke7 36. Ke5 f6+ 37. Kd4 Nb5+ 38. Ke3 Rc3+ 39. Ke4 Ra3
40. Rb6 Ra4+ 41. Ke3 Nd6 42. Rb8 Nf5+ 43. Kf3 Rd4 44. Rg8 Kd6 45. g4 Ne7 46.
Rh8 h6 47. Rh7 g5 48. h4 {Illegible past here. Black won in 67 moves.} 0-1

[Event "Forcing Moves Winter-2 U2000"]
[Site "Mississauga CAN"]
[Date "2023.02.25"]
[Round "3.1"]
[White "Deshpande, Sarthak"]
[Black "Suresh, Pavan"]
[Result "1-0"]
[WhiteElo "1867"]
[BlackElo "1515"]
[PlyCount "148"]
[EventDate "2023.02.25"]
[EventType "swiss"]
[EventRounds "5"]
[EventCountry "CAN"]

1. d4 d5 2. c4 e6 3. Nf3 Nf6 4. g3 dxc4 5. Qa4+ c6 6. Qxc4 Qd5 7. Qc2 Bb4+ 8.
Bd2 Bxd2+ 9. Nbxd2 Nbd7 10. e4 Qa5 11. Bg2 O-O 12. O-O Rd8 13. e5 Nd5 14. Ne4
Qc7 15. Qc1 Nf8 16. Qg5 Ng6 17. h4 h6 18. Qg4 Kh8 19. Nd6 Rxd6 20. exd6 Qxd6
21. h5 Nge7 22. Ne5 Kg8 23. Qf3 f6 24. Nc4 Qb4 25. b3 b5 26. a3 Qc3 27. Qxc3
Nxc3 28. Na5 Ne2+ 29. Kh1 Nxd4 30. a4 bxa4 31. Rxa4 e5 32. Rc1 Kf8 33. Raa1 Bd7
34. b4 Rb8 35. Nc4 Nc8 36. Na3 c5 37. b5 Bxb5 38. Nxb5 Rxb5 39. Rc4 Nb3 40. Rb1
Nd6 41. Rc3 c4 42. Bf1 Rb4 43. Bxc4 Nxc4 44. Rbxb3 Rxb3 45. Rxb3 Nd6 46. Ra3
Ne8 47. Rc3 Nd6 48. Rc6 Nb5 49. Ra6 Kf7 50. Ra5 Nd4 51. Rxa7+ Kf8 52. Kg2 f5
53. Ra5 e4 54. Rd5 Ne6 55. Rxf5+ Ke7 56. Re5 Kf6 57. Rxe4 Ng5 58. Ra4 Ne6 59.
Ra6 Kf5 60. Rxe6 Kxe6 61. Kf3 Kf5 62. g4+ Ke5 63. Ke3 Kf6 64. f4 Ke6 65. Ke4
Kf6 66. Kd5 g6 67. hxg6 Kxg6 68. Ke6 Kg7 69. f5 Kh7 70. f6 Kg6 71. f7 Kg7 72.
Ke7 Kh8 73. f8=Q+ Kh7 74. Qf5+ Kh8 1-0

[Event "Forcing Moves Winter-2 U2000"]
[Site "Mississauga CAN"]
[Date "2023.02.25"]
[Round "3.2"]
[White "D'Souza, Carina"]
[Black "Brajkovic, Nikola"]
[Result "0-1"]
[WhiteElo "1992"]
[BlackElo "1899"]
[PlyCount "160"]
[EventDate "2023.02.25"]
[EventType "swiss"]
[EventRounds "5"]
[EventCountry "CAN"]

1. e4 d6 2. d4 g6 3. Nc3 Bg7 4. f4 c6 5. Nf3 Bg4 6. Be2 Nd7 7. e5 f6 8. exd6
exd6 9. O-O Nb6 10. Ng5 Bd7 11. Nge4 Bf5 12. Ng3 Ne7 13. Nxf5 Nxf5 14. Bg4 Ne7
15. Be6 f5 16. Be3 d5 17. Qe2 Bf6 18. g4 fxg4 19. Qxg4 Nc4 20. Bf2 Nd6 21. Rae1
Kf8 22. f5 h5 23. Qf4 Nexf5 24. Ne2 Kg7 25. Kh1 Bg5 26. Qf3 Rf8 27. Qg2 Ne4 28.
Bxf5 Rxf5 29. Ng3 Rxf2 30. Rxf2 Nxf2+ 31. Qxf2 h4 32. Ne2 Qf6 33. Qg2 Rf8 34.
Ng1 Rf7 35. c3 Qf2 36. Re2 Qxg2+ 37. Kxg2 Bd8 38. h3 Bf6 39. Nf3 g5 40. Nh2 Bd8
41. Ng4 Bc7 42. Re3 Bf4 43. Re2 Bg3 44. b3 Rf4 45. Re7+ Rf7 46. Re2 Bd6 47. a4
Re7 48. Rc2 Bf4 49. b4 Re1 50. a5 Kf7 51. Kf2 Ra1 52. Ke2 Rh1 53. Nh6+ Kg6 54.
Ng8 Rxh3 55. Ne7+ Kf6 56. Nc8 Bb8 57. Kf1 Re3 58. Rf2+ Kg7 59. Rf5 Re8 60. Nxa7
Bxa7 61. Rxg5+ Kf6 62. Rg4 Rh8 63. Kg2 Bb8 64. Kh3 Bg3 65. Kg2 Re8 66. Kf3 Re7
67. Rg8 Rf7 68. Rc8 Ke6+ 69. Kg4 Kd7 70. Ra8 Rf4+ 71. Kh3 Rf3 72. Kg2 Rxc3 73.
Ra7 Kc8 74. Ra8+ Bb8 75. a6 bxa6 76. Rxa6 h3+ 77. Kg1 h2+ 78. Kg2 Rc2+ 79. Kh1
Rc1+ 80. Kg2 h1=Q+ 0-1

[Event "Forcing Moves Winter-2 U2000"]
[Site "Mississauga CAN"]
[Date "2023.02.25"]
[Round "3.3"]
[White "Zhao, Jifan"]
[Black "Singh Dhaliwal, Jaipreet"]
[Result "1-0"]
[WhiteElo "1754"]
[BlackElo "1939"]
[PlyCount "105"]
[EventDate "2023.02.25"]
[EventType "swiss"]
[EventRounds "5"]
[EventCountry "CAN"]

1. e4 e5 2. Nf3 Nf6 3. Nxe5 d6 4. Nf3 Nxe4 5. Nc3 Nxc3 6. dxc3 Be7 7. Bd3 Nd7
8. Be3 Nc5 9. h3 c6 10. Qd2 Be6 11. c4 Bf6 12. Nd4 Bxd4 13. Bxd4 Nxd3+ 14. Qxd3
Qg5 15. O-O O-O 16. b3 Bf5 17. Qc3 Be4 18. f3 Bf5 19. Kh1 Rae8 20. Rae1 Re6 21.
g4 Qh6 22. Kg2 Rg6 23. Be3 Qh4 24. Bf2 Qd8 25. Bg3 Bc8 26. f4 f5 27. g5 d5 28.
Re5 Rd6 29. c5 Re6 30. Rfe1 Rfe8 31. Qd4 b6 32. Rxe6 Bxe6 33. Re5 Bf7 34. Rxe8+
Qxe8 35. cxb6 axb6 36. Qxb6 Qe4+ 37. Kg1 h6 38. gxh6 gxh6 39. Qf2 Kh7 40. Bh4
d4 41. Bf6 Bd5 42. Qg3 Qe3+ 43. Qxe3 dxe3 44. Bd4 Be4 45. c3 Bb1 46. a4 e2 47.
Kf2 Bd3 48. c4 Kg6 49. a5 Kf7 50. Bc5 Ke6 51. a6 Kd7 52. a7 Kc7 53. a8=Q 1-0

[Event "Forcing Moves Winter-2 U2000"]
[Site "Mississauga CAN"]
[Date "2023.02.25"]
[Round "3.4"]
[White "Zhang, Daniel"]
[Black "Lakhani, Riyaan"]
[Result "1/2-1/2"]
[WhiteElo "1829"]
[BlackElo "1829"]
[PlyCount "74"]
[EventDate "2023.02.25"]
[EventType "swiss"]
[EventRounds "5"]
[EventCountry "CAN"]

1. e4 g6 2. d4 Bg7 3. Nf3 d6 4. Nc3 a6 5. a4 Nc6 6. Bc4 e5 7. Be3 Nge7 8. dxe5
Nxe5 9. Nxe5 Bxe5 10. f4 Bg7 11. Bd4 O-O 12. Bxg7 Kxg7 13. O-O Be6 14. f5 Bxc4
15. Qd4+ f6 16. Qxc4 g5 17. h4 h6 18. Ra3 Qd7 19. Ne2 b5 20. Qb3 c5 21. Qg3 Kf7
22. Rd3 Rad8 23. Nc3 b4 24. Nd5 Nxd5 25. Rxd5 Qxa4 26. Rxd6 Qxc2 27. Rxa6 Qxe4
28. Ra7+ Kg8 29. hxg5 fxg5 30. Qh3 Qd4+ 31. Kh1 Qh4 32. Qxh4 gxh4 33. Rf4 Rd4
34. Rxd4 cxd4 35. Rd7 Rxf5 36. Rxd4 Rb5 37. Rxh4 Kg7 1/2-1/2

[Event "Forcing Moves Winter-2 U2000"]
[Site "Mississauga CAN"]
[Date "2023.02.25"]
[Round "3.5"]
[White "Surya, Dania"]
[Black "Pham, Anthony"]
[Result "0-1"]
[WhiteElo "1568"]
[BlackElo "1593"]
[PlyCount "74"]
[EventDate "2023.02.25"]
[EventType "swiss"]
[EventRounds "5"]
[EventCountry "CAN"]

1. e4 c5 2. b3 d6 3. Bb2 Nf6 4. Nc3 g6 5. Bb5+ Nbd7 6. f4 a6 7. Bxd7+ Nxd7 8.
Nf3 Bg7 9. Qe2 b5 10. O-O-O b4 11. Na4 Bxb2+ 12. Nxb2 Nb6 13. h3 a5 14. d3 a4
15. Kb1 axb3 16. cxb3 Ba6 17. Nc4 Nc8 18. Rhe1 Na7 19. Qb2 O-O 20. g4 Nb5 21.
Rc1 d5 22. exd5 Qxd5 23. Re3 Nc3+ 24. Rxc3 bxc3 25. Qxc3 Bxc4 26. Qxc4 Qd6 27.
Re5 Rfc8 28. Rd5 Qc7 29. Ne5 Qa5 30. a4 Qe1+ 31. Kb2 Qd2+ 32. Kb1 Rab8 33. Nd7
Rb4 34. Qc2 Qxf4 35. Rxc5 Rd8 36. Rc8 Rxb3+ 37. Ka2 Qxa4# 0-1

[Event "Forcing Moves Winter-2 U2000"]
[Site "Mississauga CAN"]
[Date "2023.02.25"]
[Round "3.6"]
[White "Mehta, Anshul"]
[Black "Zhong, Ryan Yunhui"]
[Result "0-1"]
[WhiteElo "1582"]
[BlackElo "1932"]
[PlyCount "86"]
[EventDate "2023.02.25"]
[EventType "swiss"]
[EventRounds "5"]
[EventCountry "CAN"]

1. e4 e6 2. d4 d5 3. exd5 exd5 4. Bd3 Nc6 5. c3 Bd6 6. Nf3 Nge7 7. Be3 Bg4 8.
Nbd2 Qd7 9. Qc2 f5 10. g3 a6 11. Nh4 Qe6 12. h3 Bxg3 13. fxg3 Qxe3+ 14. Kf1
Qxg3 15. hxg4 fxg4 16. Ke2 Rf8 17. Rag1 Rf2+ 18. Kd1 Qf4 19. Ng2 Qg5 20. Rxh7
O-O-O 21. Ne1 Rdf8 22. Be2 Nf5 23. Qd3 Kb8 24. Kc1 Re8 25. Bd1 Re3 26. Qc2 Ng3
27. Rg2 Ne4 28. Rxf2 Nxf2 29. Ng2 Rh3 30. Ne1 Qe3 31. Ng2 Qg3 32. Bxg4 Qxg4 33.
Rxh3 Qxh3 34. Ne1 Qe3 35. Nef3 g5 36. Qf5 Ne4 37. Qxd5 Nxd2 38. Nxd2 Qg1+ 39.
Kc2 g4 40. Ne4 Qg2+ 41. Kb3 Na5+ 42. Kb4 Qxb2+ 43. Kxa5 Qa3# 0-1

[Event "Forcing Moves Winter-2 U2000"]
[Site "Mississauga CAN"]
[Date "2023.02.25"]
[Round "3.7"]
[White "Zhong, April Yunwei"]
[Black "Deepak, Laksshana"]
[Result "0-1"]
[WhiteElo "1743"]
[BlackElo "1683"]
[PlyCount "100"]
[EventDate "2023.02.25"]
[EventType "swiss"]
[EventRounds "5"]
[EventCountry "CAN"]

1. e4 c5 2. Nf3 d6 3. Bb5+ Bd7 4. Bxd7+ Qxd7 5. O-O Nc6 6. c3 Nf6 7. Re1 e5 8.
d3 Be7 9. Be3 Rd8 10. c4 O-O 11. Nbd2 Ne8 12. Nf1 f5 13. exf5 Qxf5 14. Ng3 Qg6
15. Qb3 b6 16. Ne4 Rxf3 17. Kh1 Rf7 18. Rad1 Nc7 19. Nc3 Bg5 20. Re2 Rdf8 21.
Ne4 Bxe3 22. Rxe3 Nd4 23. Qc3 Nf5 24. Ree1 Ne6 25. Rg1 Ng5 26. Ng3 Nd4 27. f3
Nf5 28. Qe1 Ne6 29. Ne4 Qh6 30. Rd2 Ng5 31. Re2 Nxe4 32. Rxe4 Rf6 33. a3 Rg6
34. Rg4 Rxg4 35. fxg4 Ne3 36. Qe2 Qf4 37. Re1 Nxg4 38. g3 Qf3+ 39. Qxf3 Rxf3
40. h3 Nf6 41. b4 cxb4 42. axb4 Rxg3 43. Kh2 Rxd3 44. Ra1 a5 45. bxa5 bxa5 46.
Rxa5 Rc3 47. Ra6 Ne4 48. Rc6 Kf7 49. Rc8 Nd2 50. Rc7+ Kf6 0-1

[Event "Forcing Moves Winter-2 U2000"]
[Site "Mississauga CAN"]
[Date "2023.02.25"]
[Round "3.8"]
[White "Li, Ethan"]
[Black "Ruchinskaya, Valerie"]
[Result "1-0"]
[WhiteElo "1570"]
[BlackElo "1902"]
[PlyCount "125"]
[EventDate "2023.02.25"]
[EventType "swiss"]
[EventRounds "5"]
[EventCountry "CAN"]

1. e4 e6 2. d4 d5 3. exd5 exd5 4. Nf3 Bd6 5. Nc3 c6 6. Be2 Ne7 7. O-O O-O 8. h3
h6 9. b3 Be6 10. Bb2 Nd7 11. Re1 Ng6 12. Bd3 Nf4 13. Ne2 Nxd3 14. Qxd3 Qf6 15.
Ng3 Bxg3 16. fxg3 Bf5 17. Qe2 Be4 18. c4 Qg6 19. Kh2 Rfe8 20. Rac1 f6 21. Nh4
Qf7 22. Qf2 Qe6 23. Re2 g5 24. Nf3 Qf7 25. cxd5 Bxd5 26. Rce1 Qf8 27. Re3 Bf7
28. Nd2 Rxe3 29. Rxe3 Nb6 30. Ne4 Nd5 31. Nxf6+ Kg7 32. Rf3 Qe7 33. Nxd5 Bxd5
34. Re3 Qd7 35. Qe2 Kf7 36. Ba3 Be6 37. Qf3+ Kg7 38. Qe4 Bd5 39. Qe5+ Kg8 40.
Qf6 Qg7 41. Qd6 Bf7 42. Re7 Qg6 43. Qd7 Bd5 44. Qxb7 Re8 45. Rxe8+ Qxe8 46. Qe7
Qxe7 47. Bxe7 Kf7 48. Bc5 a6 49. g4 Kg6 50. g3 h5 51. gxh5+ Kxh5 52. g4+ Kg6
53. Kg3 Kf6 54. h4 gxh4+ 55. Kxh4 Kg6 56. Kg3 a5 57. Kf4 a4 58. bxa4 Bxa2 59.
g5 Kf7 60. Ke5 Bb3 61. a5 Bc4 62. Kd6 Bb5 63. Kc7 1-0

[Event "Forcing Moves Winter-2 U2000"]
[Site "Mississauga CAN"]
[Date "2023.02.26"]
[Round "4.1"]
[White "Brajkovic, Nikola"]
[Black "Deshpande, Sarthak"]
[Result "1-0"]
[WhiteElo "1899"]
[BlackElo "1867"]
[PlyCount "159"]
[EventDate "2023.02.25"]
[EventType "swiss"]
[EventRounds "5"]
[EventCountry "CAN"]

1. e4 c6 2. d4 d5 3. exd5 cxd5 4. Bd3 Nf6 5. h3 Nc6 6. Nf3 g6 7. c3 Bg7 8. Na3
O-O 9. Bf4 a6 10. Qd2 Re8 11. O-O Ne4 12. Qc2 f5 13. Rad1 Qb6 14. Qb3 Qxb3 15.
axb3 Be6 16. b4 b5 17. Rfe1 Bf7 18. Ne5 Rac8 19. f3 Nd6 20. Re2 Nc4 21. Naxc4
dxc4 22. Bc2 Bd5 23. Rde1 Nxe5 24. Bxe5 Bxe5 25. Rxe5 e6 26. Kf2 Kf7 27. Ra1
Ra8 28. Bd1 Red8 29. f4 Rd7 30. Bf3 Bxf3 31. Kxf3 Rd5 32. Rae1 Re8 33. Rxd5
exd5 34. Re5 Rd8 35. g3 h5 36. g4 hxg4+ 37. hxg4 Kf6 38. Kg3 Rd7 39. Re8 Ra7
40. gxf5 gxf5 41. Rf8+ Ke6 42. Rg8 Kf6 43. Rh8 Rg7+ 44. Kf3 Rg6 45. Re8 Rg7 46.
Ra8 Re7 47. Rxa6+ Re6 48. Ra5 Rb6 49. Ra8 Kf7 50. Rh8 Ke7 51. Rh7+ Ke8 52. Rh5
Rf6 53. Rh7 Rb6 54. Rg7 Rh6 55. Rb7 Rh2 56. Rxb5 Rxb2 57. Rxd5 Rb3 58. Rxf5
Rxc3+ 59. Ke4 Rc1 60. Rc5 Ke7 61. Ke3 Rc3+ 62. Ke4 Rc1 63. f5 Kf6 64. Rc6+ Ke7
65. b5 c3 66. Kd3 c2 67. b6 Rf1 68. Rxc2 Rxf5 69. Kc3 Kd8 70. d5 Kc8 71. Rd2
Kb8 72. b7 Rf6 73. d6 Rxd6 74. Rxd6 Kxb7 75. Rd2 Ka6 76. Kc4 Kb7 77. Kc5 Ka7
78. Kc6 Ka8 79. Kc7 Ka7 80. Ra2# 1-0

[Event "Forcing Moves Winter-2 U2000"]
[Site "Mississauga CAN"]
[Date "2023.02.26"]
[Round "4.2"]
[White "Pham, Anthony"]
[Black "Zhao, Jifan"]
[Result "1/2-1/2"]
[WhiteElo "1593"]
[BlackElo "1754"]
[PlyCount "107"]
[EventDate "2023.02.25"]
[EventType "swiss"]
[EventRounds "5"]
[EventCountry "CAN"]

1. e4 e6 2. d4 d5 3. Nc3 Nf6 4. e5 Nfd7 5. f4 c5 6. Nf3 Nc6 7. Be3 Be7 8. Qd2
O-O 9. dxc5 Nxc5 10. O-O-O b6 11. h4 Bb7 12. h5 Ne4 13. Nxe4 dxe4 14. Qxd8
Rfxd8 15. Rxd8+ Rxd8 16. Nd2 Nb4 17. c3 Nd5 18. Rh3 Nxe3 19. Rxe3 Bc5 20. Re2
e3 21. Nc4 Ba6 22. Re1 Bxc4 23. Bxc4 Rd2 24. Re2 Rxe2 25. Bxe2 f6 26. Kc2 fxe5
27. fxe5 Be7 28. Kd3 Bg5 29. Kd4 g6 30. c4 Kf7 31. c5 bxc5+ 32. Kxc5 Ke7 33.
hxg6 hxg6 34. Kb5 Bf4 35. Ka6 Bxe5 36. Kxa7 Bxb2 37. a4 Kd6 38. Kb6 Kd5 39. Kb5
e5 40. a5 Bd4 41. g4 e4 42. Kb4 Ba7 43. Kc3 Ke5 44. Kc2 Kf4 45. Kd1 g5 46. Ke1
Ke5 47. a6 Kd4 48. Bb5 Kc5 49. Bd7 Kb6 50. Ke2 Kxa6 51. Bf5 Kb5 52. Bxe4 Kc4
53. Bf5 Kd4 54. Be6 1/2-1/2

[Event "Forcing Moves Winter-2 U2000"]
[Site "Mississauga CAN"]
[Date "2023.02.26"]
[Round "4.3"]
[White "Lakhani, Riyaan"]
[Black "Suresh, Pavan"]
[Result "1-0"]
[WhiteElo "1829"]
[BlackElo "1515"]
[PlyCount "107"]
[EventDate "2023.02.25"]
[EventType "swiss"]
[EventRounds "5"]
[EventCountry "CAN"]

1. d4 Nf6 2. c4 c6 3. Nf3 d5 4. e3 e6 5. Nc3 Bd6 6. Bd3 Nbd7 7. Qe2 O-O 8. e4
dxe4 9. Nxe4 Nxe4 10. Bxe4 c5 11. O-O cxd4 12. Nxd4 Nc5 13. Bf3 Qh4 14. g3 Qxd4
15. Rd1 Qe5 16. Be3 Be7 17. b4 Nd7 18. Qd2 Qc7 19. Rac1 Rd8 20. Qb2 Bf6 21. Qa3
Ne5 22. Rxd8+ Qxd8 23. Bg2 Qd3 24. Qa4 Qd7 25. b5 a6 26. Bb6 g6 27. h3 Nd3 28.
Rf1 Nb2 29. Qb3 axb5 30. cxb5 Qd3 31. Qb4 Ra4 32. Qe1 Bc3 33. Qc1 Qd2 34. Qb1
Bd7 35. Be3 Qd6 36. Qc2 Qd3 37. Qb3 Qc4 38. Qc2 Rxa2 39. Rc1 Na4 40. Qd1 Qxb5
41. Qd6 Be5 42. Qe7 Kg7 43. Bf1 Qd5 44. Bc4 Qf3 45. Bxa2 Bc6 46. Rxc6 Qxc6 47.
Qg5 Bf6 48. Qh6+ Kg8 49. Qf4 Qc2 50. Qxf6 Qf5 51. Qd8+ Kg7 52. Qd4+ e5 53. Qxa4
Qf3 54. Qb3 1-0

[Event "Forcing Moves Winter-2 U2000"]
[Site "Mississauga CAN"]
[Date "2023.02.26"]
[Round "4.4"]
[White "Singh Dhaliwal, Jaipreet"]
[Black "Zhang, Daniel"]
[Result "1-0"]
[WhiteElo "1932"]
[BlackElo "1829"]
[PlyCount "75"]
[EventDate "2023.02.25"]
[EventType "swiss"]
[EventRounds "5"]
[EventCountry "CAN"]

1. e4 c5 2. Nf3 d6 3. d4 cxd4 4. Nxd4 Nf6 5. Nc3 a6 6. Be3 e6 7. f3 b5 8. Qd2
Bb7 9. O-O-O Nbd7 10. Kb1 Nb6 11. Qf2 Nfd7 12. Bd3 b4 13. Nce2 d5 14. Nb3 Nc4
15. exd5 Bxd5 16. Bxc4 Bxc4 17. Rd4 Bxb3 18. cxb3 Qf6 19. Rhd1 Rd8 20. R4d3 Be7
21. Ng3 e5 22. Ne4 Qe6 23. Qd2 h6 24. Bc5 Bg5 25. Nd6+ Ke7 26. Qc2 Nxc5 27.
Qxc5 Qg6 28. Nb7+ Ke8 29. Nxd8 Bxd8 30. Ka1 Bb6 31. Qc8+ Ke7 32. Rd7+ Kf6 33.
Qxh8 Kg5 34. Qe8 Bd4 35. R7xd4 exd4 36. Qe5+ f5 37. g3 Kh5 38. Qxd4 1-0

[Event "Forcing Moves Winter-2 U2000"]
[Site "Mississauga CAN"]
[Date "2023.02.26"]
[Round "4.5"]
[White "Zhong, Ryan Yunhui"]
[Black "Li, Ethan"]
[Result "1-0"]
[WhiteElo "1932"]
[BlackElo "1570"]
[PlyCount "73"]
[EventDate "2023.02.25"]
[EventType "swiss"]
[EventRounds "5"]
[EventCountry "CAN"]

1. e4 e5 2. Nf3 Nc6 3. d4 exd4 4. Nxd4 Bc5 5. Nb3 Bb6 6. Nc3 d6 7. Qe2 Nge7 8.
Bg5 Be6 9. O-O-O a5 10. a4 Bxb3 11. cxb3 h6 12. Bxe7 Qxe7 13. Nd5 Qe6 14. Qc2
O-O 15. Bc4 Qg6 16. Rd3 Qxg2 17. Rhd1 Nb4 18. Nxb4 axb4 19. f4 Qxc2+ 20. Kxc2
Rfe8 21. Re1 Re7 22. e5 dxe5 23. fxe5 Rae8 24. Rf1 Kh8 25. Bxf7 Rc8 26. e6 Rf8
27. Rfd1 Rfxf7 28. exf7 Rxf7 29. h4 Rf2+ 30. R1d2 Rf4 31. h5 Bc5 32. Rd7 Bd6
33. Rg2 Be5 34. Re2 Bd6 35. Rd8+ Kh7 36. Ree8 g6 37. Rd7+ 1-0